000
00198nam a2200097Ia 4500
008
240625s9999 xx 000 0 und d
041
_a
eng
100
_a
KENT DAN
245
_a
ASP NET
260
_c
2004
999
_c
33230
_d
33230